000 00436nam a22001697a 4500
005 20251108164728.0
008 250721s1986 xx 000 0 ara d
082 1 4 _a810.9/جور
100 1 _aغريب، جورج
245 1 0 _aدراسات أدبية /
250 _aط2.
264 1 _aبيروت :
_bدار الثقافة،
_c1986.
300 _a123 ص
650 1 7 _aالأدب العربي
942 _2ddc
_cBK
999 _c12883
_d12883